Statistics for US Presidents Decoder #1

Click here to take the quiz!

General Stats

  • This quiz has been taken 1,160 times
  • The average score is 20 of 27

Answer Stats

ClueAnswer% Correct
HPresidential residenceWhite {House}
99%
OFirst African-American presidentObama
97%
FNumber of times FDR was electedFour
96%
N"Watergate" presidentNixon
96%
OPresident's Office ShapeOval
93%
EFollowed Truman as presidentEisenhower
91%
BSurname of modern father & son presidentsBush
88%
EPresidents are elected by this "College"Electoral
85%
GLincoln's Pennsylvania speech siteGettysburg
81%
HPresident before Franklin RooseveltHoover
80%
RMr. HayesRutherford
80%
T"The Bull Moose" president's first nameTheodore
80%
UGrant served in this Civil War armyUnion
80%
EPresidents lead this branch of governmentExecutive
79%
VJefferson and Madison hailed from this stateVirginia
78%
TPresident who got stuck in a bath tubTaft
77%
SLaw-making partner to the HouseSenate
74%
ROldest presidentReagan
73%
EB. Harrison installed this power source in the White HouseElectricity
71%
BHe preceded LincolnBuchanan
68%
UOrrin Hatch was a presidential candidate from this stateUtah
64%
TJackson was the first president to ride one of theseTrain
59%
AJohn Adams' 1st LadyAbigail
58%
TBribery scandal that involved Harding{Teapot} Dome
56%
The future belongs to the brave.
46%
LWhat 1st Lady Lucy Hayes was famous for servingLemonade
27%
EFirst child born in the White House{Esther} Cleveland
17%

Score Distribution

Percentile by Number Answered

Percent of People with Each Score

Your Score History

You have not taken this quiz